000 00696nam a22001337a 4500
040 _cRUA
082 _aAGR SRE 2010 B047 Or.1
100 _aSRENG, LEANGCHENG
245 _aEffect of plant density on growth and yield of mungbean at royal university of agriculture, ឥទ្ថិពលនៃដង់ស៊ីតេដំណាំលើការលូតលាស់និងទិន្នផលសណ្តែកបាយនៅសាកលវិទ្យាល័យភូមិន្ទកសិកម្ម
260 _aPhnom Penh
_bRUA
_c2010
300 _aix, 39p.
_bill.
_c29cm.
856 _uhttps://drive.google.com/file/d/1ZPiLZOATfp-heUfqvWtQkLYC8YEG5S9y/view?usp=sharing
942 _cAGR
999 _c1298
_d1298